000 00802nam a2200229 i 4500
001 19659
003 ES-MaACL
005 20250806065629.0
007 t|
008 021007q1960 sp ||||1| spa d
100 0 _aAbelló, José
_918076
245 1 0 _aMicrocultivos de los bacilos de Koch en el propio tejido infectado /
_cpor José Abelló Pascual.
260 _a[Madrid :
_bs.n.,
_cca. 1960]
300 _a10 p. ;
_c24 cm.
594 _aPrecede al tít.: Escuela Nacional de Tisiología.
595 _aSeparata de: Revista española de tuberculosis, n. 210.
650 7 _aMycobacterium tuberculosis
_2embne
_9156808
650 7 _aTuberculosis
_2embne
_917658
710 2 _aEscuela Nacional de Tisiología (España)
_93579
852 4 _aES-MaACL
_j1961-F-17
999 _c19659
_d19659